| 000 | 00928nam a22002537a 4500 | ||
|---|---|---|---|
| 999 |
_c18119 _d18119 |
||
| 003 | AR-CdUCM | ||
| 008 | 190511b ||||| |||| 00| 0 spa d | ||
| 040 |
_aMUNICIPALIDAD PROVINCIAL DEL CUSCO _cBIBLIOTECA MUNICIPAL DEL CUSCO |
||
| 041 | _hge | ||
| 082 |
_a345.7 / _bG66 |
||
| 100 |
_aGoldschmidt, James _938519 |
||
| 245 | _aDerecho procesal civil / | ||
| 260 |
_aBarcelona : _bEdit. Labor, _c1936. |
||
| 300 |
_a916 páginas ; _c24 cm. |
||
| 440 |
_aEnciclopedia de ciencias jurídicas y sociales _938520 |
||
| 505 | _aContenido: Nociones fundamentales -- Bases del proceso de derecho justiciario material -- Bases del derecho político del proceso... | ||
| 650 |
_aDerecho procesal civil _927080 |
||
| 650 |
_aAlemania _91327 |
||
| 650 |
_aEspaña _9176 |
||
| 700 |
_aPrieto, Leonardo (traducción) _938521 |
||
| 700 |
_aAlcalá Zamora y Castillo, Niceto _938522 |
||
| 942 |
_2ddc _cLIBROS |
||
| 945 |
_adavv _d2019-05-11 |
||